Nilai-nilai cemerlang kepimpinan Islam

Bibliographic Details
Main Author: MOHAMAD Tajuddin Mohamad Rasdi
Other Authors: Fatimah Mohamad Tajuddin, Nor Atiah Ismail
Format: Book
Published: Kuala Lumpur : Utusan Pub. , 2002
Series:Siri Islam dan masyarakat
Subjects:

MARC

LEADER 00000cam a2200000 7i4500
001 0000002578
005 20030818.0
020 0 0 |a 9676113549 
090 0 0 |a 297.61   |b MOH 2002 
100 0 0 |a MOHAMAD Tajuddin Mohamad Rasdi 
245 1 0 |a Nilai-nilai cemerlang kepimpinan Islam   |c Mohamad Tajuddin Mohamad Rasdi, Fatimah Mohamad Tajuddin, Nor Atiah Ismail 
260 0 0 |a Kuala Lumpur :   |b Utusan Pub. ,   |c 2002 
300 |a vi, 88 p. ;   |c 22 cm. 
440 0 0 |a Siri Islam dan masyarakat 
650 0 0 |a Islamic ethics 
650 0 0 |a Leadership   |x Religious aspects   |x Islam 
700 0 1 |a Fatimah Mohamad Tajuddin 
700 0 1 |a Nor Atiah Ismail 
998 |a JPSM 
999 |a 0000005004   |b Monograph   |c Open Shelf   |e Default branch